Normal view
MARC view
- Northwest, Old
Entry Geographic Name
001 - CONTROL NUMBER
- control field: 93637
003 - CONTROL NUMBER IDENTIFIER
- control field: NUST
005 - DATE AND TIME OF LATEST TRANSACTION
- control field: 20220719093819.0
008 - FIXED-LENGTH DATA ELEMENTS
- fixed length control field: 220719|| aca||aabn | a|a d
040 ## - CATALOGING SOURCE
- Original cataloging agency: NUST
- Transcribing agency: NUST
151 ## - HEADING--GEOGRAPHIC NAME
- Geographic name: Northwest, Old
- General subdivision: Race relations
670 ## - SOURCE DATA FOUND
- Source citation: Work cat.: (NUST)0: Cox, Anna-Lisa, author. 93628, The bone and sinew of the land :
